000 006270000a22001930004500
041 0 _aSPA
082 0 4 _aG 371.8 D2551e
100 1 _aDavies, Bernard D.
245 1 0 _aLa educación social del adolescente / Bernard D. Davies, Alan Gibson ; José M. Vara, José L. Alvarez, Traductores
260 _aSalamanca, España : Sígueme
300 _a278 Pag
440 0 _aColección Nueva Alianza; No. 46
500 _aTítulo original : The social education of the adolescent
001 10063
942 _cBK
999 _c39813
_d39813
336 _atexto
_btxt
_2rdacontent
337 _2rdamedia
_asin mediación
_bn
338 _2rdacarrier
_avolumen
_bnc